Visualizzazione normale
Vista MARC
- Nomen
di Personal Name
Records bibliografici associati: 1
001 - CONTROL NUMBER
- control field: 12789
003 - CONTROL NUMBER IDENTIFIER
- control field: IT-RoPau
005 - DATE AND TIME OF LATEST TRANSACTION
- control field: 20140207173849.0
008 - FIXED-LENGTH DATA ELEMENTS
- fixed length control field: 140207|| aca||aabn | a|a d
040 ## - CATALOGING SOURCE
- Original cataloging agency: IT-RoPau
- Transcribing agency: IT-RoPau
100 ## - HEADING--PERSONAL NAME
- Personal name: Nomen
- Miscellaneous information: Codice autore SPICS: 27718
- Relator term: Autore
- Name of part/section of a work: Senza catene
670 ## - SOURCE DATA FOUND
- Source citation: Work cat.: (IT-RoPau)99709: AA.VV. 794, Iva Zanicchi Special